| 000 | 00646nam a2200241Ia 4500 | ||
|---|---|---|---|
| 005 | 20250425162714.0 | ||
| 008 | 250425s9999 xx 000 0 und d | ||
| 020 | _a978395615560 | ||
| 041 | _aeng | ||
| 082 | _a001.42 | ||
| 100 | _aSHADISH, WILLIAM R | ||
| 245 | 0 | _aEXPERIMENTAL AND QUASI-EXPERIMENTAL DESIGNS FOR GENERALIZED CAUSAL INFERENCE | |
| 250 | _aS.E. | ||
| 260 | _aBELMONT | ||
| 260 |
_aEstados Unidos _bWADSWORTH CENGAGE LEARNING _c2002 |
||
| 300 | _a623 | ||
| 650 | _aCONCLUSIONES | ||
| 650 | _aIMPLEMENTACION | ||
| 650 | _aINVESTIGACIONES | ||
| 710 | _aWADSWORTH CENGAGE LEARNING | ||
| 942 | _c01 | ||
| 010 | _a98596 | ||
| 999 |
_c234760 _d234760 |
||